[Event "4NCL Division 1a"]
[Site "Daventry, ENG"]
[Date "2018.11.10"]
[Round "1.48"]
[White "Maroroa, Sue"]
[Black "Smith, Lynda"]
[Result "1-0"]
[WhiteElo "2104"]
[BlackElo "1930"]
[PlyCount "101"]
[EventDate "2018.11.10"]
[WhiteTeam "White Rose 1"]
[BlackTeam "North East England"]

1. e4 c5 2. c3 g6 3. d4 cxd4 4. cxd4 d5 5. e5 Nc6 6. Nc3 Bg7 7. h3 Nh6 8. g4 f6
9. f4 fxe5 10. fxe5 O-O 11. Bg2 e6 12. Nf3 b6 13. O-O Ba6 14. Rf2 Qd7 15. Be3
Na5 16. b3 Rac8 17. Qd2 Nf7 18. Bf1 Bxf1 19. Raxf1 Nc6 20. Ne1 Qd8 21. Nf3 a5
22. Na4 Qc7 23. Rc1 Rb8 24. Qe2 Rfc8 25. Qb5 Nfd8 26. Rfc2 h6 27. Kg2 g5 28.
Bd2 Qb7 29. Be1 Bf8 30. h4 Ba3 31. Rd1 Nf7 32. Qd3 Ne7 33. Rf2 Rf8 34. hxg5
Nxg5 35. Nxg5 hxg5 36. Rf6 b5 37. Nc3 Qd7 38. Bd2 Rxf6 39. exf6 e5 40. fxe7
Qxg4+ 41. Qg3 Qxg3+ 42. Kxg3 Bxe7 43. dxe5 d4 44. Nd5 Bd8 45. Kg4 a4 46. Bxg5
axb3 47. axb3 Bxg5 48. Kxg5 Kf7 49. Kf5 Rh8 50. e6+ Ke8 51. Nf6+ 1-0

[Event "4NCL Division 1a"]
[Site "Daventry, ENG"]
[Date "2018.11.11"]
[Round "2.11"]
[White "Turner, Matthew J"]
[Black "Jones, Gawain C B"]
[Result "1/2-1/2"]
[WhiteElo "2536"]
[BlackElo "2683"]
[PlyCount "80"]
[EventDate "2018.11.11"]
[WhiteTeam "Barbican 4NCL 1"]
[BlackTeam "Guildford 1"]

1. d4 Nf6 2. Nf3 g6 3. c4 Bg7 4. g3 c6 5. Bg2 d5 6. cxd5 cxd5 7. Nc3 O-O 8. O-O
Nc6 9. Ne5 Bf5 10. Nxc6 bxc6 11. Bf4 Ne4 12. Nxe4 Bxe4 13. Bxe4 dxe4 14. Rc1
Qxd4 15. Qxd4 Bxd4 16. Rxc6 Bxb2 17. Rb1 Bd4 18. Rb4 e5 19. Bg5 f5 20. e3 Bb6
21. Rb5 Rac8 22. Rxc8 Rxc8 23. Rxe5 Kf8 24. h4 Rc2 25. h5 Rxa2 26. hxg6 hxg6
27. Re6 Kf7 28. Re7+ Kf8 29. Re6 Rb2 30. Rxg6 Rb5 31. Rd6 a5 32. Bd8 Bxd8 33.
Rxd8+ Ke7 34. Rd4 Rb6 35. g4 Ra6 36. gxf5 a4 37. Rxe4+ Kf6 38. Rc4 a3 39. Rc1
Kxf5 40. Kf1 a2 1/2-1/2

[Event "4NCL Division 1a"]
[Site "Daventry, ENG"]
[Date "2018.11.11"]
[Round "2.12"]
[White "Edouard, Romain"]
[Black "Collins, Sam E"]
[Result "1-0"]
[WhiteElo "2636"]
[BlackElo "2417"]
[PlyCount "69"]
[EventDate "2018.11.11"]
[WhiteTeam "Guildford 1"]
[BlackTeam "Barbican 4NCL 1"]

1. d4 Nf6 2. c4 g6 3. Nc3 Bg7 4. e4 d6 5. Nge2 O-O 6. Ng3 h5 7. Be2 e5 8. d5 h4
9. Nf1 Na6 10. Bg5 h3 11. g4 Qd7 12. Rg1 Nc5 13. Qc2 c6 14. Be3 a5 15. O-O-O
Qc7 16. g5 Nfd7 17. Bg4 Nb6 18. Bxc5 dxc5 19. Ne3 f6 20. d6 Qf7 21. gxf6 Bh6
22. Bh5 Kh8 23. Rxg6 Qh7 24. Qe2 Be6 25. Kb1 Nd7 26. Qf3 Bf4 27. Rg7 Qh6 28.
Re7 Bxe3 29. Rxe6 Bd4 30. Rg1 Bxc3 31. Rg6 Qd2 32. Qxc3 Qf4 33. Qxh3 Qxe4+ 34.
Ka1 Qh1+ 35. Bd1# 1-0

[Event "4NCL Division 1a"]
[Site "Daventry, ENG"]
[Date "2018.11.11"]
[Round "2.13"]
[White "Griffiths, Ryan Rhys"]
[Black "Pert, Nicholas"]
[Result "0-1"]
[WhiteElo "2358"]
[BlackElo "2542"]
[PlyCount "62"]
[EventDate "2018.11.11"]
[WhiteTeam "Barbican 4NCL 1"]
[BlackTeam "Guildford 1"]

1. c4 e5 2. g3 Nf6 3. Bg2 c6 4. d4 e4 5. Nc3 d5 6. Bg5 Nbd7 7. cxd5 cxd5 8. Qb3
Bd6 9. Nh3 h6 10. Bf4 Nb6 11. Be5 Nh5 12. O-O O-O 13. Rac1 Bxe5 14. dxe5 Re8
15. Rfd1 Rxe5 16. a4 Be6 17. a5 Nc4 18. Qxb7 Nxa5 19. Qa6 Nb3 20. Rc2 Qb6 21.
Qa3 Rb8 22. e3 g5 23. Qe7 Qc5 24. Qxc5 Nxc5 25. Nxd5 Bg4 26. Rxc5 Bxd1 27. Nf6+
Nxf6 28. Rxe5 Rxb2 29. Bf1 Rb1 30. Rb5 Ra1 31. Rb2 Bg4 0-1

[Event "4NCL Division 1a"]
[Site "Daventry, ENG"]
[Date "2018.11.11"]
[Round "2.14"]
[White "Plat, Vojtech"]
[Black "Jackson, James P"]
[Result "1-0"]
[WhiteElo "2543"]
[BlackElo "2383"]
[PlyCount "65"]
[EventDate "2018.11.11"]
[WhiteTeam "Guildford 1"]
[BlackTeam "Barbican 4NCL 1"]

1. e4 e5 2. Nf3 Nc6 3. d4 exd4 4. Nxd4 Nf6 5. Nxc6 bxc6 6. e5 Qe7 7. Qe2 Nd5 8.
c4 Nb6 9. g3 g6 10. b3 Bg7 11. f4 f6 12. Ba3 d6 13. Bg2 fxe5 14. Bxc6+ Bd7 15.
Bxd7+ Qxd7 16. Nd2 O-O 17. fxe5 Rae8 18. O-O-O Rxe5 19. Qd3 Ra5 20. b4 Rxa3 21.
Qxa3 Na4 22. Qb3 Nc3 23. Rde1 a5 24. bxa5 Qg4 25. Rhf1 Ne2+ 26. Kb1 Re8 27. a6
h6 28. a7 Kh7 29. Qd3 Nc3+ 30. Qxc3 Rxe1+ 31. Rxe1 Bxc3 32. a8=Q Bxd2 33. Re7#
1-0

[Event "4NCL Division 1a"]
[Site "Daventry, ENG"]
[Date "2018.11.11"]
[Round "2.15"]
[White "Taylor, Martin R"]
[Black "Le Roux, Jean-Pierre"]
[Result "0-1"]
[WhiteElo "2337"]
[BlackElo "2534"]
[PlyCount "90"]
[EventDate "2018.11.11"]
[WhiteTeam "Barbican 4NCL 1"]
[BlackTeam "Guildford 1"]

1. d4 g6 2. c4 Nf6 3. Nc3 d5 4. Nf3 Bg7 5. Qb3 dxc4 6. Qxc4 O-O 7. e4 Na6 8.
Be2 c5 9. d5 e6 10. O-O exd5 11. exd5 Bf5 12. Rd1 Qb6 13. Nh4 Bd7 14. Be3 Rfe8
15. a3 Rad8 16. h3 h6 17. Nf3 g5 18. Nd2 Bf5 19. Qb5 Nc7 20. Qxb6 axb6 21. d6
Ncd5 22. Nxd5 Nxd5 23. Nc4 Be4 24. Bd3 Nxe3 25. Nxe3 Bc6 26. Rab1 b5 27. Rd2
Kf8 28. Nf5 Be5 29. Rbd1 c4 30. Bf1 Re6 31. d7 Bf4 32. Rd4 Re4 33. g3 Rxd4 34.
Nxd4 Be5 35. Nxc6 bxc6 36. Rd2 Ke7 37. Bg2 Rxd7 38. Re2 Kd6 39. Bxc6 Kxc6 40.
Rxe5 Rd2 41. a4 Rxb2 42. axb5+ Rxb5 43. Re8 Rc5 44. Kf1 c3 45. Ke2 Kd7 0-1

[Event "4NCL Division 1a"]
[Site "Daventry, ENG"]
[Date "2018.11.11"]
[Round "2.16"]
[White "Demuth, Adrien"]
[Black "Franklin, Samuel G A"]
[Result "1/2-1/2"]
[WhiteElo "2519"]
[BlackElo "2316"]
[PlyCount "63"]
[EventDate "2018.11.11"]
[WhiteTeam "Guildford 1"]
[BlackTeam "Barbican 4NCL 1"]

1. Nf3 Nf6 2. g3 g6 3. Bg2 Bg7 4. O-O O-O 5. c4 d6 6. Nc3 Nc6 7. d4 Rb8 8. d5
Na5 9. b3 c5 10. dxc6 Nxc6 11. Bb2 Ne4 12. Qc1 Nxc3 13. Bxc3 Bxc3 14. Qxc3 Qa5
15. Qc1 Bg4 16. Rd1 Bxf3 17. Bxf3 Qe5 18. Qd2 Qf6 19. Rac1 Rfc8 20. Qe3 b6 21.
Bxc6 Rxc6 22. Rd5 Kg7 23. Kg2 Rbc8 24. Rcd1 Rc5 25. h4 h5 26. R1d4 Rxd5 27.
cxd5 Rc2 28. Ra4 Rc3 29. Qd2 a5 30. Re4 Rc5 31. Re3 Kf8 32. Rd3 1/2-1/2

[Event "4NCL Division 1a"]
[Site "Daventry, ENG"]
[Date "2018.11.11"]
[Round "2.17"]
[White "Sowray, Peter J"]
[Black "Paehtz, Elisabeth"]
[Result "0-1"]
[WhiteElo "2353"]
[BlackElo "2495"]
[PlyCount "58"]
[EventDate "2018.11.11"]
[WhiteTeam "Barbican 4NCL 1"]
[BlackTeam "Guildford 1"]

1. d4 d5 2. c4 c6 3. Nf3 Nf6 4. Nc3 dxc4 5. a4 Bf5 6. Ne5 Nbd7 7. Nxc4 Nb6 8.
Ne5 a5 9. Bg5 g6 10. f3 Nfd7 11. Nd3 Bg7 12. e4 Be6 13. Nf4 Bc4 14. Nfe2 O-O
15. Qc2 Nb8 16. b3 Bxe2 17. Nxe2 Na6 18. Rd1 Qd6 19. g3 Rad8 20. Bg2 Nb4 21.
Qc5 Qxc5 22. dxc5 Rxd1+ 23. Kxd1 Rd8+ 24. Kc1 Nc8 25. Kb1 h6 26. Be3 Rd3 27.
Nc1 Rxe3 28. Rd1 Kh7 29. Rd8 Re1 0-1

[Event "4NCL Division 1a"]
[Site "Daventry, ENG"]
[Date "2018.11.11"]
[Round "2.18"]
[White "Hebden, Mark L"]
[Black "Lauterbach, Ingrid"]
[Result "1-0"]
[WhiteElo "2425"]
[BlackElo "2027"]
[PlyCount "60"]
[EventDate "2018.11.11"]
[WhiteTeam "Guildford 1"]
[BlackTeam "Barbican 4NCL 1"]

1. d4 Nf6 2. Nf3 d5 3. c4 e6 4. Bg5 Bb4+ 5. Nc3 dxc4 6. e4 c5 7. Bxc4 Qa5 8.
O-O cxd4 9. Bxf6 gxf6 10. Qxd4 Bxc3 11. bxc3 Nd7 12. a4 a6 13. Nd2 Qd8 14. f4
Nb6 15. a5 Qxd4+ 16. cxd4 Nxc4 17. Nxc4 Rb8 18. Rfc1 Bd7 19. Nb6 Kd8 20. Rc5
Rg8 21. Kf2 Bc6 22. Re1 Re8 23. Rh5 Ke7 24. d5 Bb5 25. Rxh7 Rh8 26. Rxh8 Rxh8
27. h3 Rh5 28. Rd1 exd5 29. Nxd5+ Kf8 30. Nxf6 Rh4 1-0

[Event "4NCL Division 1a"]
[Site "Daventry, ENG"]
[Date "2018.11.11"]
[Round "2.21"]
[White "Alsina Leal, Daniel"]
[Black "Speelman, Jon S"]
[Result "1/2-1/2"]
[WhiteElo "2472"]
[BlackElo "2508"]
[PlyCount "89"]
[EventDate "2018.11.11"]
[WhiteTeam "White Rose 1"]
[BlackTeam "Wood Green"]

1. e4 c6 2. d4 d5 3. Nd2 dxe4 4. Nxe4 Nd7 5. Ng5 Ngf6 6. Bd3 e6 7. N1f3 Bd6 8.
Qe2 h6 9. Ne4 Nxe4 10. Qxe4 Nf6 11. Qe2 b6 12. Bd2 Bb7 13. O-O-O Qc7 14. Ne5
O-O-O 15. f4 Nd5 16. Kb1 f6 17. Ng6 Rhe8 18. Rhf1 Kb8 19. a3 Ne7 20. g4 c5 21.
dxc5 Bxc5 22. Nxe7 Rxe7 23. g5 hxg5 24. fxg5 f5 25. h4 g6 26. h5 gxh5 27. Qxh5
Bd4 28. Qe2 Ka8 29. Rde1 e5 30. Bxf5 e4 31. Be3 Bxe3 32. Qxe3 Rg8 33. g6 Qe5
34. Bg4 Kb8 35. Rf5 Qh2 36. Rf7 Rc7 37. Rxc7 Qxc7 38. Qg5 Qg3 39. Rd1 Bc8 40.
g7 Qxg4 41. Qe5+ Kb7 42. Qd5+ Kb8 43. Qe5+ Kb7 44. Qd5+ Kb8 45. Qe5+ 1/2-1/2

[Event "4NCL Division 1a"]
[Site "Daventry, ENG"]
[Date "2018.11.11"]
[Round "2.22"]
[White "Tan, Justin"]
[Black "Palliser, Richard J D"]
[Result "0-1"]
[WhiteElo "2508"]
[BlackElo "2414"]
[PlyCount "136"]
[EventDate "2018.11.11"]
[WhiteTeam "Wood Green"]
[BlackTeam "White Rose 1"]

1. e4 c5 2. Nf3 d6 3. d4 cxd4 4. Nxd4 Nf6 5. Nc3 a6 6. h3 b5 7. g4 Bb7 8. Bg2
Nc6 9. O-O Nxd4 10. Qxd4 e5 11. Qd3 Be7 12. Bd2 O-O 13. Rad1 Rc8 14. a4 b4 15.
Nd5 Bxd5 16. exd5 a5 17. c3 bxc3 18. Bxc3 Nd7 19. Qb5 Rc5 20. Qb7 Bg5 21. Be1
Qe7 22. Qa6 Nb8 23. Qb6 Nd7 24. Qa6 Nb8 25. Qd3 Qb7 26. Bc3 Na6 27. Rfe1 Nb4
28. Qf5 h6 29. Re2 Na2 30. Bd2 Qb3 31. Ra1 g6 32. Qf3 Qxf3 33. Bxf3 Bxd2 34.
Rxa2 Rc1+ 35. Kg2 Bb4 36. b3 f5 37. gxf5 gxf5 38. Rac2 Rc8 39. Rxc8+ Rxc8 40.
Bh5 Kg7 41. Re3 Kf6 42. Rg3 e4 43. f4 Rc2+ 44. Kf1 Bc5 45. Rg6+ Ke7 46. Re6+
Kd8 47. Rxh6 Rf2+ 48. Ke1 Rxf4 49. Rf6 e3 50. Re6 Rf2 51. Be2 f4 52. Rf6 Kc7
53. h4 Bd4 54. Rf8 Be5 55. b4 Bc3+ 56. Kd1 Bxb4 57. h5 Bc3 58. h6 Be5 59. h7
Rh2 60. Ra8 Kb6 61. Ra6+ Kc5 62. Rxa5+ Kd4 63. Ra7 Rh1+ 64. Kc2 Rh2 65. Kd1 Kc3
66. Bf3 Rf2 67. Re7 Rxf3 68. Rxe5 Kd3 0-1

[Event "4NCL Division 1a"]
[Site "Daventry, ENG"]
[Date "2018.11.11"]
[Round "2.23"]
[White "Adair, James R"]
[Black "Haria, Ravi"]
[Result "0-1"]
[WhiteElo "2485"]
[BlackElo "2436"]
[PlyCount "132"]
[EventDate "2018.11.11"]
[WhiteTeam "White Rose 1"]
[BlackTeam "Wood Green"]

1. d4 e6 2. c4 d5 3. Nc3 Bb4 4. a3 Bxc3+ 5. bxc3 Nf6 6. cxd5 exd5 7. e3 Bf5 8.
f3 O-O 9. Ne2 Nbd7 10. g4 Nxg4 11. fxg4 Qh4+ 12. Kd2 Be4 13. Rg1 Nb6 14. Rg3
Nc4+ 15. Ke1 g5 16. Bh3 f5 17. gxf5 Nd6 18. Nf4 Nxf5 19. Bxf5 Rxf5 20. Qh5 Qxh5
21. Nxh5 Raf8 22. Rg1 Rf2 23. Rxg5+ Kh8 24. Nf4 Rxh2 25. a4 Rg8 26. Rxg8+ Kxg8
27. a5 h5 28. Nxh5 Rxh5 29. Kf2 Rg5 30. Ba3 Rg2+ 31. Kf1 Rh2 32. Re1 Ra2 33.
Bb4 b6 34. Rd1 bxa5 35. Bc5 a6 36. Ke1 Rc2 37. Rd2 Rxc3 38. Ke2 Bc2 39. Kf3 Kf7
40. Kf4 Ke6 41. e4 dxe4 42. d5+ Kd7 43. Bd4 Rd3 44. Rxc2 Rxd4 45. Rc5 a4 46.
Ke3 Rb4 47. Rc6 a5 48. Rc5 Kd6 49. Rxa5 Ke5 50. Rc5 a3 51. d6+ Kxd6 52. Ra5 c5
53. Rxa3 Kd5 54. Rc3 c4 55. Rc1 Rb3+ 56. Ke2 Kd4 57. Rd1+ Rd3 58. Ra1 e3 59.
Ra8 Rd2+ 60. Ke1 Kd3 61. Rd8+ Kc2 62. Re8 c3 63. Rxe3 Rd8 64. Re7 Kc1 65. Re3
c2 66. Re7 Rb8 0-1

[Event "4NCL Division 1a"]
[Site "Daventry, ENG"]
[Date "2018.11.11"]
[Round "2.24"]
[White "Fitzsimons, David"]
[Black "Camacho Collados, Jose"]
[Result "0-1"]
[WhiteElo "2301"]
[BlackElo "2401"]
[PlyCount "110"]
[EventDate "2018.11.11"]
[WhiteTeam "Wood Green"]
[BlackTeam "White Rose 1"]

1. e4 e5 2. Nf3 Nf6 3. Nxe5 d6 4. Nf3 Nxe4 5. d4 d5 6. Bd3 Bd6 7. O-O O-O 8. c4
c6 9. Qc2 Na6 10. a3 Re8 11. Nc3 Bg4 12. Nxe4 dxe4 13. Bxe4 Bxf3 14. Bxf3 Qh4
15. g3 Qxd4 16. Be3 Qf6 17. Be4 g6 18. b4 Nc7 19. Rad1 Red8 20. f4 Bf8 21. Rxd8
Qxd8 22. f5 Bg7 23. Rd1 Qf6 24. Rd7 Ne8 25. fxg6 hxg6 26. Kg2 Qe6 27. Rxb7 Nd6
28. Bxc6 Nxc4 29. Qe4 Qxe4+ 30. Bxe4 Nxe3+ 31. Kf3 Nc4 32. Rc7 Nd2+ 33. Ke3
Nxe4 34. Kxe4 Bf8 35. Kd5 a5 36. b5 Bxa3 37. b6 Kg7 38. b7 Rb8 39. Kc6 a4 40.
Rc8 Bd6 41. Kb6 a3 42. Rc2 Rh8 43. Ra2 Kf6 44. Kc6 Ke6 45. Re2+ Be5 46. Kb6 Kd5
47. Rc2 g5 48. Rc5+ Ke6 49. Ra5 Bd6 50. Ka7 f5 51. Ra6 f4 52. gxf4 gxf4 53. Rc6
f3 54. h4 f2 55. Rc1 a2 0-1

[Event "4NCL Division 1a"]
[Site "Daventry, ENG"]
[Date "2018.11.11"]
[Round "2.25"]
[White "Chow, Samuel"]
[Black "Valdes Escobar, Alvaro"]
[Result "1/2-1/2"]
[WhiteElo "2326"]
[BlackElo "2346"]
[PlyCount "61"]
[EventDate "2018.11.11"]
[WhiteTeam "White Rose 1"]
[BlackTeam "Wood Green"]

1. d4 Nf6 2. c4 e6 3. g3 Bb4+ 4. Nd2 Nc6 5. Ngf3 d6 6. Qc2 O-O 7. a3 Bxd2+ 8.
Bxd2 a5 9. Bg2 a4 10. O-O e5 11. Bc3 Qe7 12. e3 Bd7 13. Rad1 Rfe8 14. Ng5 h6
15. Ne4 Bf5 16. dxe5 dxe5 17. Nxf6+ Qxf6 18. Qe2 Qg6 19. c5 Bg4 20. f3 Be6 21.
Qb5 Bb3 22. Rd7 Rec8 23. Bh3 Rab8 24. e4 Na7 25. Qd3 Nc6 26. Rf2 Rd8 27. Rd2
Qg5 28. Kf2 Rxd7 29. Bxd7 Rd8 30. Qe3 Qe7 31. Bxc6 1/2-1/2

[Event "4NCL Division 1a"]
[Site "Daventry, ENG"]
[Date "2018.11.11"]
[Round "2.26"]
[White "Littlewood, Paul E"]
[Black "Townsend, M Paul"]
[Result "1/2-1/2"]
[WhiteElo "2343"]
[BlackElo "2240"]
[PlyCount "66"]
[EventDate "2018.11.11"]
[WhiteTeam "Wood Green"]
[BlackTeam "White Rose 1"]

1. d4 Nf6 2. c4 e6 3. Nc3 d5 4. cxd5 exd5 5. Bg5 c6 6. e3 Be7 7. Bd3 Nbd7 8.
Qc2 h6 9. Bh4 Nh5 10. Bxe7 Qxe7 11. Nge2 Nb6 12. h3 Bd7 13. g4 Nf6 14. Ng3 g6
15. O-O-O O-O-O 16. Kb1 Kb8 17. Rhe1 h5 18. g5 Ne8 19. h4 Bg4 20. Be2 Bxe2 21.
Rxe2 Nd6 22. f3 f5 23. Ree1 Rhe8 24. Nf1 Nbc4 25. Qh2 Ka8 26. b3 Na3+ 27. Ka1
Ndb5 28. Qb2 Qb4 29. Nxb5 Nxb5 30. Qd2 Qxd2 31. Rxd2 Re7 32. a4 Nd6 33. f4 Rde8
1/2-1/2

[Event "4NCL Division 1a"]
[Site "Daventry, ENG"]
[Date "2018.11.11"]
[Round "2.27"]
[White "Gayson, Peter M"]
[Black "Derakhshani, Borna"]
[Result "0-1"]
[WhiteElo "2170"]
[BlackElo "2324"]
[PlyCount "62"]
[EventDate "2018.11.11"]
[WhiteTeam "White Rose 1"]
[BlackTeam "Wood Green"]

1. e4 c6 2. d4 d5 3. e5 Bf5 4. Nf3 e6 5. Be2 Ne7 6. O-O Bg6 7. b3 Nf5 8. c4 Be7
9. Nc3 O-O 10. h3 Nd7 11. Bb2 a5 12. Rc1 f6 13. cxd5 exd5 14. Re1 fxe5 15. dxe5
Nc5 16. Ba3 Ne6 17. Bxe7 Qxe7 18. Qd2 Rad8 19. Rcd1 b5 20. Bf1 Bh5 21. Be2 d4
22. Ne4 d3 23. Qxa5 dxe2 24. Rxd8 Rxd8 25. g4 Nfd4 26. Nxd4 Nxd4 27. Kg2 Bg6
28. Ng3 Rf8 29. Nxe2 Be4+ 30. Kf1 Qh4 31. f4 Qxh3+ 0-1

[Event "4NCL Division 1a"]
[Site "Daventry, ENG"]
[Date "2018.11.11"]
[Round "2.28"]
[White "Martinez, Ayelen"]
[Black "Maroroa, Sue"]
[Result "0-1"]
[WhiteElo "2196"]
[BlackElo "2104"]
[PlyCount "90"]
[EventDate "2018.11.11"]
[WhiteTeam "Wood Green"]
[BlackTeam "White Rose 1"]

1. e4 e5 2. Nf3 Nc6 3. Bb5 a6 4. Ba4 d6 5. c3 g6 6. d4 Bd7 7. Bg5 f6 8. Bh4 h5
9. h3 Qe7 10. Nbd2 O-O-O 11. d5 Nb8 12. Bg3 g5 13. h4 g4 14. Ng1 f5 15. exf5
Nh6 16. f6 Qxf6 17. Ne4 Qg6 18. Bxd7+ Nxd7 19. Qb1 Be7 20. a4 Rhf8 21. Ne2 Nf5
22. a5 Qf7 23. Qd3 Nc5 24. Nxc5 dxc5 25. O-O-O Bd6 26. Qe4 Qd7 27. f3 gxf3 28.
gxf3 Qb5 29. Bf2 Qxa5 30. Rhg1 Qa2 31. Rg5 Ne7 32. Bg3 c6 33. c4 Qa1+ 34. Kc2
Qa4+ 35. Kc1 Qa1+ 36. Kc2 Qa4+ 37. b3 Qa2+ 38. Kc3 Bc7 39. Nc1 Nxd5+ 40. cxd5
Ba5+ 41. Kd3 Rxd5+ 42. Ke3 Bd2+ 43. Ke2 Bxc1+ 44. Ke1 Rxd1+ 45. Kxd1 Qd2# 0-1

[Event "4NCL Division 1a"]
[Site "Daventry, ENG"]
[Date "2018.11.11"]
[Round "2.32"]
[White "Cooper, John G"]
[Black "McKay, Roderick M"]
[Result "0-1"]
[WhiteElo "2290"]
[BlackElo "2309"]
[PlyCount "74"]
[EventDate "2018.11.11"]
[WhiteTeam "West is Best 1"]
[BlackTeam "Alba"]

1. Nf3 d6 2. d4 f5 3. g3 Nf6 4. Bg2 c6 5. O-O Qc7 6. Nbd2 Na6 7. b3 e5 8. dxe5
dxe5 9. Bb2 e4 10. Nh4 Be6 11. Nc4 Be7 12. Be5 Qd7 13. Qxd7+ Nxd7 14. Bxg7 Rg8
15. Bc3 b5 16. Nd2 Nb6 17. Nxf5 Bxf5 18. Nxe4 O-O-O 19. a4 bxa4 20. bxa4 Rg6
21. a5 Nd5 22. Bb2 Nf4 23. Bf3 Nh3+ 24. Kg2 Re6 25. Ra4 Nb4 26. c3 Nd5 27. Bc1
Rg8 28. Rd1 Nhf4+ 29. Kf1 Nxe2 30. Rc4 Nxc1 31. Rxd5 Bh3+ 32. Ke1 Rf8 33. Bh1
Rf5 34. Rxf5 Bxf5 35. a6 Nd3+ 36. Kd2 Nb2 37. Rd4 c5 0-1

[Event "4NCL Division 1a"]
[Site "Daventry, ENG"]
[Date "2018.11.11"]
[Round "2.33"]
[White "Morrison, Graham"]
[Black "Toma, Katarzyna"]
[Result "1/2-1/2"]
[WhiteElo "2300"]
[BlackElo "2164"]
[PlyCount "69"]
[EventDate "2018.11.11"]
[WhiteTeam "Alba"]
[BlackTeam "West is Best 1"]

1. d4 Nf6 2. c4 g6 3. Nc3 d5 4. cxd5 Nxd5 5. e4 Nxc3 6. bxc3 Bg7 7. Nf3 c5 8.
Bb5+ Bd7 9. Bxd7+ Nxd7 10. O-O O-O 11. Rb1 b6 12. Re1 Rc8 13. Bg5 Re8 14. Qd2
Qc7 15. d5 Qd6 16. c4 e5 17. Qc2 Rf8 18. Bd2 h6 19. Nh4 Bf6 20. g3 Bg5 21. Ng2
Bxd2 22. Qxd2 Kh7 23. a4 a5 24. f4 Rce8 25. Qc2 Re7 26. f5 g5 27. Ne3 f6 28.
Nd1 Rg7 29. h3 Nb8 30. Qb3 Rb7 31. Qb5 Rc8 32. Re3 h5 33. Kf1 Kg7 34. Ke2 Kf7
35. Nc3 1/2-1/2

[Event "4NCL Division 1a"]
[Site "Daventry, ENG"]
[Date "2018.11.11"]
[Round "2.34"]
[White "Mihalik, Agoston"]
[Black "Gourlay, Iain"]
[Result "1/2-1/2"]
[WhiteElo "2223"]
[BlackElo "2358"]
[PlyCount "79"]
[EventDate "2018.11.11"]
[WhiteTeam "West is Best 1"]
[BlackTeam "Alba"]

1. e4 e5 2. Nf3 Nc6 3. d4 exd4 4. Nxd4 Nf6 5. Nxc6 bxc6 6. e5 Qe7 7. Qe2 Nd5 8.
c4 Nb6 9. Nc3 Ba6 10. b3 O-O-O 11. Bb2 Re8 12. f4 f6 13. O-O-O fxe5 14. Qxe5
Qxe5 15. fxe5 Rxe5 16. Bd3 Bc5 17. Ne4 Be3+ 18. Kb1 Re7 19. Rhe1 d5 20. Rxe3
Rhe8 21. cxd5 Bxd3+ 22. Rexd3 Rxe4 23. dxc6 Rg4 24. a4 a5 25. Rd7 Rg6 26. Rxg7
Rxc6 27. Rd2 Re1+ 28. Ka2 h6 29. Rg3 Rc5 30. Rc3 Rh5 31. Ba3 Kb7 32. Rc5 Rxh2
33. Rxc7+ Kxc7 34. Bd6+ Kc6 35. Bxh2 Nd5 36. Kb2 h5 37. Bg3 Re4 38. Rc2+ Kb6
39. Rd2 Kc6 40. Rc2+ 1/2-1/2

[Event "4NCL Division 1a"]
[Site "Daventry, ENG"]
[Date "2018.11.11"]
[Round "2.36"]
[White "Kett, Tim"]
[Black "Burnett, Andrew"]
[Result "1-0"]
[WhiteElo "2206"]
[BlackElo "2150"]
[PlyCount "53"]
[EventDate "2018.11.11"]
[WhiteTeam "West is Best 1"]
[BlackTeam "Alba"]

1. e4 c5 2. d4 cxd4 3. c3 d3 4. Bxd3 e6 5. Nf3 d6 6. O-O Be7 7. Na3 Nf6 8. Bg5
h6 9. Bh4 O-O 10. Qe2 Nbd7 11. Rad1 Qc7 12. Nb5 Qb8 13. g4 Ne5 14. g5 Nxf3+ 15.
Qxf3 hxg5 16. Bxg5 a6 17. e5 dxe5 18. Qh3 Rd8 19. Bh7+ Kf8 20. Rxd8+ Bxd8 21.
Rd1 axb5 22. Rxd8+ Ke7 23. Qd3 b6 24. Rg8 Qc7 25. Rxg7 Rxa2 26. Bg6 Ra1+ 27.
Kg2 1-0

[Event "4NCL Division 1a"]
[Site "Daventry, ENG"]
[Date "2018.11.11"]
[Round "2.37"]
[White "White, Stuart A"]
[Black "Zeidler, Sven P"]
[Result "1-0"]
[WhiteElo "2113"]
[BlackElo "2179"]
[PlyCount "71"]
[EventDate "2018.11.11"]
[WhiteTeam "Alba"]
[BlackTeam "West is Best 1"]

1. d4 f5 2. Nc3 Nf6 3. Bg5 d5 4. Bxf6 exf6 5. e3 Be6 6. Qf3 Qd7 7. Bb5 Nc6 8.
Nge2 O-O-O 9. Nf4 g6 10. a3 a6 11. Ba4 b5 12. Bb3 Ne7 13. Nd3 g5 14. Nc5 Qc6
15. Na2 a5 16. Qe2 Bf7 17. a4 b4 18. Nc1 h5 19. N1d3 f4 20. O-O-O Nf5 21. g4
Nh4 22. e4 f3 23. Qd2 dxe4 24. Bxf7 exd3 25. Nb3 dxc2 26. Qxc2 Qxa4 27. Be6+
Kb8 28. Kb1 Rd6 29. Rc1 c6 30. d5 Bg7 31. Qc5 Rxe6 32. dxe6 Qxb3 33. Qb6+ Ka8
34. Qxc6+ Kb8 35. Qb6+ Ka8 36. Rc7 1-0

[Event "4NCL Division 1a"]
[Site "Daventry, ENG"]
[Date "2018.11.11"]
[Round "2.38"]
[White "Redmond, John P"]
[Black "Cooke, Suzie G"]
[Result "1-0"]
[WhiteElo "2175"]
[BlackElo "1940"]
[PlyCount "91"]
[EventDate "2018.11.11"]
[WhiteTeam "West is Best 1"]
[BlackTeam "Alba"]

1. Nf3 Nf6 2. c4 e6 3. Nc3 d5 4. e3 c6 5. b3 Bd6 6. Bb2 O-O 7. Qc2 Nbd7 8. Be2
e5 9. cxd5 Nxd5 10. Ne4 Bc7 11. Neg5 N5f6 12. Bc4 h6 13. h4 Qe7 14. Nxf7 Rxf7
15. Ng5 hxg5 16. hxg5 Nf8 17. g6 Nxg6 18. Qxg6 Be6 19. O-O-O Bxc4 20. bxc4 Rff8
21. Rh4 Qf7 22. Qc2 Rfd8 23. Rdh1 Kf8 24. g4 Ke7 25. g5 Nd7 26. f4 Rf8 27. Rh7
Bd6 28. Rxg7 Qxg7 29. Rh7 Qxh7 30. Qxh7+ Rf7 31. Qh4 Rg7 32. g6+ Kf8 33. c5 Be7
34. Qh8+ Rg8 35. g7+ Kf7 36. Qh5+ Kxg7 37. fxe5 Nxc5 38. e6+ Bf6 39. Qf7+ Kh6
40. Qxf6+ Kh5 41. Qf7+ Kh6 42. Qf4+ Kh5 43. Qf5+ Rg5 44. Qf7+ Kh6 45. Kc2 b6
46. Be5 1-0

[Event "4NCL Division 1a"]
[Site "Daventry, ENG"]
[Date "2018.11.11"]
[Round "2.41"]
[White "Rose, Matthew"]
[Black "Mueller, Constantin"]
[Result "1/2-1/2"]
[WhiteElo "2249"]
[BlackElo "2276"]
[PlyCount "97"]
[EventDate "2018.11.11"]
[WhiteTeam "Oxford 1"]
[BlackTeam "North East England"]

1. e4 e6 2. d4 d5 3. Nd2 a6 4. Ngf3 c5 5. c3 Nc6 6. exd5 exd5 7. dxc5 Bxc5 8.
Nb3 Bb6 9. Bg5 f6 10. Bf4 Bg4 11. Be2 Nge7 12. O-O O-O 13. Qd2 Qd7 14. Be3 Bc7
15. Nc5 Qc8 16. Rfe1 Re8 17. Rad1 b6 18. Nb3 Ne5 19. Nxe5 fxe5 20. Bg5 Be6 21.
Bh5 Ng6 22. Bxg6 hxg6 23. Qd3 Bf7 24. Qg3 Qf5 25. Qh4 Be6 26. f4 e4 27. Nd4 Qg4
28. Qf2 Bc8 29. Nc2 Bb7 30. h3 Qe6 31. Nd4 Qf7 32. Kh1 Rf8 33. Rf1 Rae8 34. Qe3
Qd7 35. Rd2 Rf7 36. Rdf2 Qd6 37. g4 b5 38. f5 Bb6 39. Bf4 Qd7 40. fxg6 Rf6 41.
Bg5 Rxg6 42. Rf5 Qd6 43. a3 Bc8 44. R5f2 Qe5 45. Bf4 Qe7 46. Bg3 a5 47. b4 axb4
48. axb4 Rh6 49. Bf4 1/2-1/2

[Event "4NCL Division 1a"]
[Site "Daventry, ENG"]
[Date "2018.11.11"]
[Round "2.42"]
[White "Oyama, Akito"]
[Black "Gerlagh, Joris"]
[Result "0-1"]
[WhiteElo "2201"]
[BlackElo "2249"]
[PlyCount "80"]
[EventDate "2018.11.11"]
[WhiteTeam "North East England"]
[BlackTeam "Oxford 1"]

1. e4 c5 2. Nc3 e6 3. f4 Nf6 4. Nf3 Nc6 5. Bb5 Nd4 6. Bd3 d5 7. e5 Nd7 8. Nxd4
cxd4 9. Nb5 Bc5 10. c3 dxc3 11. dxc3 O-O 12. Qe2 f6 13. Qh5 f5 14. Qe2 a6 15.
Nd4 Bxd4 16. cxd4 Qb6 17. Be3 Nb8 18. O-O Bd7 19. a4 Nc6 20. g4 fxg4 21. Qxg4
Ne7 22. Rf2 Nf5 23. Rg2 g6 24. Bxf5 Rxf5 25. Qd1 Rc8 26. Rc2 Rff8 27. Rg2 Rc4
28. h4 Rb4 29. h5 Rxb2 30. Rg3 Be8 31. hxg6 Bxg6 32. Qh5 Rb1+ 33. Kh2 Qb2+ 34.
Kh3 Rxa1 35. Rxg6+ Kh8 36. Bg1 Ra3+ 37. Kh4 Qc3 38. Qg4 hxg6 39. Bh2 Rf5 40.
Qxg6 Qh3# 0-1